Principles and theories of education (Record no. 8423)

MARC details
000 -LEADER
fixed length control field 00581cam a2200229ua 4500
001 - CONTROL NUMBER
control field 9372
005 - DATE AND TIME OF LATEST TRANSACTION
control field 20260515114447.0
008 - FIXED-LENGTH DATA ELEMENTS--GENERAL INFORMATION
fixed length control field 150819n ii |||gr||||Z||||||eng
020 ## - INTERNATIONAL STANDARD BOOK NUMBER
International Standard Book Number 9788192010106
040 ## - CATALOGING SOURCE
Transcribing agency MAIN
041 ## - LANGUAGE CODE
Language code of text/sound track or separate title eng
082 ## - DEWEY DECIMAL CLASSIFICATION NUMBER
Classification number 370
100 ## - MAIN ENTRY--PERSONAL NAME
Personal name Das, Phunu,
Relator term Author.
245 1# - TITLE STATEMENT
Title Principles and theories of education
Statement of responsibility, etc. by Phunu Das
250 ## - EDITION STATEMENT
Edition statement Mod. & enl. ed.
260 ## - PUBLICATION, DISTRIBUTION, ETC.
Place of publication, distribution, etc. Guwahati:
Name of publisher, distributor, etc. Shanti prakashan,
Date of publication, distribution, etc. 2011.
300 ## - PHYSICAL DESCRIPTION
Extent 486p.
653 ## - INDEX TERM--UNCONTROLLED
Uncontrolled term Education
700 ## - ADDED ENTRY--PERSONAL NAME
Personal name Goswami, Sadhana,
Relator term Author.
700 ## - ADDED ENTRY--PERSONAL NAME
Personal name Sarma, Nirupama,
Relator term Author.
942 ## - ADDED ENTRY ELEMENTS (KOHA)
Koha item type Books
Holdings
Withdrawn status Lost status Damaged status Not for loan Home library Current library Shelving location Date acquired Total checkouts Full call number Barcode Date last seen Date last checked out Copy number Price effective from Koha item type
        Naharkatiya College Library Naharkatiya College Library General stacks 09/19/2020 1 370 | DAS 20680 11/26/2025 11/08/2025 1 09/19/2020 Books